Journal of Building Survey, Appraisal & Valuation (Record no. 119375)
[ view plain ]
| 000 -LEADER | |
|---|---|
| fixed length control field | 00580cas a22001815a 4500 |
| 001 - CONTROL NUMBER | |
| control field | L156970 |
| 008 - FIXED-LENGTH DATA ELEMENTS--GENERAL INFORMATION | |
| fixed length control field | 120802c2012 xxkqr eng u |
| 022 1# - INTERNATIONAL STANDARD SERIAL NUMBER | |
| International Standard Serial Number | 20469594 |
| 035 ## - SYSTEM CONTROL NUMBER | |
| System control number | (Sirsi) u156970 |
| 041 0# - LANGUAGE CODE | |
| Language code of text/sound track or separate title | eng |
| 245 00 - TITLE STATEMENT | |
| Title | Journal of Building Survey, Appraisal & Valuation |
| 260 ## - PUBLICATION, DISTRIBUTION, ETC. | |
| Place of publication, distribution, etc. | London |
| Name of publisher, distributor, etc. | Journal of Building Survey, Appraisal and Valuation |
| Date of publication, distribution, etc. | 2012- |
| 362 0# - DATES OF PUBLICATION AND/OR SEQUENTIAL DESIGNATION | |
| Dates of publication and/or sequential designation | 2012 - |
| 500 ## - GENERAL NOTE | |
| General note | Most recent issue Volume 8 number 3, winter 2019-20. No copies after this date in the collection. |
| 651 #4 - SUBJECT ADDED ENTRY--GEOGRAPHIC NAME | |
| Geographic name | United Kingdom |
| 690 ## - LOCAL SUBJECT ADDED ENTRY--TOPICAL TERM (OCLC, RLIN) | |
| Topical term or geographic name as entry element | Valuation |
| 9 (RLIN) | 6273 |
| 942 ## - ADDED ENTRY ELEMENTS (KOHA) | |
| Suppress in OPAC | 0 |
| Source of classification or shelving scheme | Dewey Decimal Classification |
| Withdrawn status | Lost status | Source of classification or shelving scheme | Damaged status | Not for loan | Home library | Current library | Shelving location | Date acquired | Total Checkouts | Full call number | Barcode | Date last seen | Price effective from | Koha item type |
|---|---|---|---|---|---|---|---|---|---|---|---|---|---|---|
| Dewey Decimal Classification | London | London | Gallery | 02/08/2012 | JOURNAL OF BUILDING SURVEY | 20469594 | 06/08/2019 | 06/08/2019 | Journal |